000 00673cam a22001691 4500
082 0 0 _a940.54
_bGRA
100 1 _aStorrs, Ronald,
_950003
245 1 2 _aA record of the war ...
260 _aLondon,
_bHutchinson
_c[1940]
300 _a24 v., plates, ports., maps (part fold.) 19 cm.
500 _aEach vol. covers a 3 month period: the first two covering the 1st and 2d quarters, Sept. 1939-Feb. 1940, being written by Sir Ronald Storrs, the remaining 22 v., Mar. 1940-Sept. 1945 by Philip Graves.
526 _a0
_b0
_c0
_d940_540000000000000_GRA
650 0 _aMCE
_9379
650 0 _aWorld War, 1939-1945.
_928174
700 1 _aGraves, Philip P.
_946194
942 _2ddc
_cBK
999 _c552738
_d552738